00546nam a2200181Ia 4500008004100000082001100041100002700052245004400079250000800123260003400131300001200165500002400177650001200201700002700213942000700240952010200247999001500349230524s9999 xx 000 0 und d a4bELD aDavid Elderbrock92693 0aBuilding Successful Internet Businesses a1ST aNEW DELHIbPustak Mahalc1996 aXIX;330 aQuantity Number: 1 aComp-Sc a Nitin Borwankar92694 cBK 00104070aTATCLbTATCLcGENd2023-05-24l0o004 ELDp7636r2023-05-24w2023-05-24yBKzPCIT4301 c4576d4576